Top 15 des pays avec les décès de Covid-19 - 19 janvier 2022 - Statistiques

Statistiques générales
  • Ce quiz a été pris 82 fois
  • Le résultat moyen est 12 sur 27
Statistiques - réponses
pays % Correct
France
99%
Etats-Unis
96%
Italie
88%
Allemagne
86%
Brésil
84%
Inde
84%
Royaume-Uni
83%
Russie
83%
Mexique
77%
Argentine
65%
Colombie
51%
Pologne
46%
Pérou
42%
Indonésie
41%
Iran
32%
Hongrie
20%
Roumanie
20%
Tchèquie
17%
Slovaquie
13%
Bosnie-Herzégovine
12%
Slovénie
12%
Croatie
10%
Bulgarie
9%
Macédoine du Nord
6%
Arménie
4%
Lituanie
4%
Géorgie
3%
Aucun quiz correspondant
Distribution des résultats
% des personnes avec chaque résultat
Percentile par nombre de réponses
Votre historique - résultats
Vous n’avez pas pris ce quiz